Fundamentos de la formación de conceptos en ciencia empírica

Gardado en:
Detalles Bibliográficos
Autor Principal: Hempel, Carl G (Author)
Formato: Libro
Idioma:Lingua castelá
Publicado: Madrid Alianza 1988
Series:Alianza Universidad
Subjects:
Tags: Engadir etiqueta
Sen Etiquetas, Sexa o primeiro en etiquetar este rexistro!

MARC

LEADER 00000nam a2200000 a 4500
001 UCN7088
003 CL-VaPUC
008 011012e19880000SP |||||||||||||||||spa|d
082 0 4 |a 501  |b HEM  |2 21 
100 |a Hempel, Carl G  |e author  |9 462992 
245 1 0 |a Fundamentos de la formación de conceptos en ciencia empírica 
300 |a 124 p 
942 |c BK 
945 |d 20011012 00:00:00  |a cmena 
260 |a Madrid  |b Alianza  |c 1988 
650 0 |a Filosofía de las ciencias  |9 256466 
650 0 |a Investigación científica  |9 259857 
583 |a last modification  |c 20011012 00:00:00  |k Rodrigo Vera 
490 0 |a Alianza Universidad 
999 |c 297607  |d 297605 
952 |0 0  |1 0  |4 0  |6 501_000000000000000_HEM_1988  |7 0  |8 A  |9 352490  |a BIBCUR  |b BIBCUR  |d 2019-11-21  |i 3697231  |l 1  |m 2  |o 501 HEM 1988  |p 3697231  |r 2025-04-22  |s 2022-05-04  |w 2019-11-21  |y BK  |k FIS